LEADER 01249nam a2200301 i 4500 001 000000115093 003 CaOOAMICUS 005 20231213110110.0 008 160509s1996 it u000 u ita u 013 $a87781 020 $a88-10-40731-8 040 $aSeMil$bita 100 1 $aSimian-Yofre, Horacio .$0(OLS)http://semarc/name/20645 245 10$aTesti isaiani dell'Avvento :$besegesi e liturgia /$cHoracio Simian-Yofre. 260 $aBologna :$bEDB,$c1996. 300 $a255 p. ;$c22 cm. 490 0 $aStudi biblici ;$v29 500 $aCon dedica autografa dell'autore. - Fondo Card. C.M. Martini. 650 4$aBibbia. Antico Testamento. Isaia - Commentari, studi, critica, interpretazioni.$0(OLS)http://semarc/subject/111 830 0$aStudi biblici ;$v29.$0(OLS)http://semarc/title/438659 850 $aSeMil 852 $aSeMil$W1$xVenegono$y1$m2YA V 29$j263920$B70630$CSeMilBibl$Z2$F76876 $81 941 1 $a4 961 $aOmaggio: Martini Card. Carlo Maria 996 $6020$a88-10-40731-8$9(OLS)http://semarc/number/98724 996 $6245$aTesti isaiani dell'Avvento :$besegesi e liturgia$9(OLS)http://semarc/title/168450 996 $6260$aBologna :$bEDB$9(OLS)http://semarc/publisher/29669 LEADER 01164nam a2200217 i 4500 001 000000226631 003 CaOOAMICUS 005 20140129000000.0 008 140129s1928 it u000 u ita u 013 $a205533 040 $aSeMil$bita 100 1 $aSacco, Giuseppe <1871-1950>.$0(OLS)http://semarc/name/33092 245 13$aLa Koiné del Nuovo Testamento e la trasmissione del Sacro testo :$blezioni preliminari per lo studio del Nuovo Testamento greco con introduzione e crestomazia /$csac. dr. Giuseppe Sacco. 260 $aRoma :$bFrancesco Ferrari,$c1928. 300 $aXXXI, 332 p. ;$c23 cm. 650 4$aBibbia. Nuovo Testamento - Introduzioni.$0(OLS)http://semarc/subject/1733 650 4$aBibbia - Lingua - Greco antico.$0(OLS)http://semarc/subject/12605 850 $aSeMil 852 $aSeMil$W1$xVenegono$y1$m2W IV 147$j176977$B176977$CSeMilBibl$Z2$F187910 $81 996 $6245$aLa Koiné del Nuovo Testamento e la trasmissione del Sacro testo :$blezioni preliminari per lo studio del Nuovo Testamento greco con introduzione e crestomazia$9(OLS)http://semarc/title/324459 996 $6260$aRoma :$bFrancesco Ferrari$9(OLS)http://semarc/publisher/37653